000 00756nam a2200193Ii 4500
003 JO-AjNU
008 230605s9999||||xx |||||||||||||| ||und||
040 _aJO-AjNU
_bara
_erda
_cJO-AjNU
041 _aara
050 1 4 _aHT151 .A222 1981
100 3 _aتأليف: عبدالعاطي، سيد,
_eauthor
_97542
245 0 0 _aعلم الاجتماع الحضري بين النظرية والتطبيق : مداخل نظرية، ج1
264 3 1 _aالاسكندرية: دار المعرفة الجامعية، 1981
300 _aج1، 367ص
_bيحتوي على ببلوغرافية من 351-367ص
336 _atext
_btxt
_2rdacontent
337 _aunmediated
_bn
_2rdamedia
338 _avolume
_bnc
_2rdacarrier
650 4 _aعلم اجتماع حضري
_97543
999 _aA332
_c3900
_d3900